O Conhecimento da Língua: desenvolver a Consciência Linguística (Registo nº 1148)

Detalhes MARC
000 -Etiqueta do registo
Cabeçalho 00747nam0a2200277 i 4500
005 - Identificador da versão
Campo de controlo 20240813121827.0
010 ## - Número internacional normalizado dos livros (ISBN)
Número (ISBN) 9789727422685
021 ## - Número do Depósito Legal
Código do país PT
Número 274 489/08
100 ## - Dados gerais de processamento
Dados gerais de processamento 20100713d2008 m y0pory5003 ba
102 ## - Pais de publicação ou produção
País de publicação Portugal
101 0# - Língua de publicação
Língua do texto, banda sonora, etc. Português
Língua do documento no original Português
106 ## - Campo de dados codificados: material textual
Dados codificados do material textual r
105 ## - Campo de dados codificados: livros
Dados codificados dos livros y z 001yy
215 ## - Descrição física 
Indicação específica da natureza do documento e extensão da espécie 67 p.
200 1# - Titulo e menção de responsabilidade
Título próprio O Conhecimento da Língua: desenvolver a Consciência Linguística
Primeira menção de responsabilidade Inês Duarte
205 ## - Menção da edição
Menção da edição 1a ed.
210 ## - Publicação, Distribuição, etc. 
Lugar da edição, distribuição, etc. Lisboa
Nome do editor, distribuidor, etc. Ministério da Educação
Data da publicação, distribuição, etc. 2008
304 ## - Notas relativas a título e menção de responsabilidade 
Texto da nota Tít. orig.:
606 ## - Nome comum usado como assunto
Número de registo de entrada de autoridade 0001587
Palavra de ordem Língua Portuguesa
Subdivisão de assunto Ensino
675 ## - Classificação Decimal Universal (CDU)
Notação 811.134.3'24(075)
Edição BN
Língua da edição por
700 #1 - Nome de autor-pessoa física (responsabilidade principal)
Número de registo de entrada de autoridade 0001589
Palavra de ordem Duarte
Outra parte do nome não tomada para palavra de ordem Inês
942 ## - Elementos de entrada adicionados (Koha)
Tipo de item no Koha Livro
Exemplares
Situação do levantamento Origin of item (home branch) (coded) Biblioteca de empréstimo Código de barras Cota Circulation type (not for loan) Tipo de documento Nota do exemplar Damaged status
  Biblioteca Escolar Eng. Nuno Mergulhão Biblioteca Escolar Eng. Nuno Mergulhão BENM2094 37 EDU   Livro Sem mensagem